| 000 | 01002nam a2200229Ia 4500 | ||
|---|---|---|---|
| 999 |
_c39877 _d39877 |
||
| 001 | 6482 | ||
| 003 | GE_BSU | ||
| 005 | 20191009123823.0 | ||
| 008 | 181216s ||||ge |||||||||||||| ||ge || | ||
| 040 | _cGE_BSU | ||
| 041 | _ageo | ||
| 080 | _a821.353.1-311.6 ბ-45 | ||
| 100 |
_aბელიაშვილი, აკაკი _94491 |
||
| 245 |
_aთავგადასავალი ბესიკ გაბაშვილისა : _bრომანი / _cაკაკი ბელიაშვილი ; რედ. რ. ორჯონიკიძე. |
||
| 250 | _aმეორე გამოცემა. | ||
| 264 |
_aთბილისი : _bსაბჭ.საქართველო ; _c1961. |
||
| 300 |
_a642 გვ. ; _c23 სმ. |
||
| 653 | _aთავგადასავალი ბესიკ გაბაშვილისა | ||
| 653 | _aრომანი | ||
| 700 |
_aორჯონიკიძე, რ. _eრედაქტორი _94651 |
||
| 942 |
_cBK _2udc |
||